000 00912nam a2200289 i 4500
003 EG-GICUC
005 20260121101219.0
008 251113s1957 -us |f |||| 001 0 eng d
040 _aEG-GiCUC
_beng
_cEG-GiCUC
_dEG-GiCUC
_erda
041 0 _aeng
082 0 4 _221
_a338.9
_bBA . P
092 0 4 _221
099 _aLaw1 13 338.9 BA . P 1957
100 1 _aBaran , Paul A
_eAuthor.
245 1 4 _aThe Political Economy Of Growth /
_cPaul A. Baran.
264 1 _aNew York :
_bMonthly Review Press,
_c1957.
300 _a308 pages ;
_c24 cm.
336 _2rda content
_atext
337 _2rda media
_aComputer
338 _2rda carrier
_aOnline Resource
504 _a Includes bibliographical references and index.
546 _aText in English
650 1 _aPublic finance and tax legislation
856 4 0 _uhttps://fll.law.cu.edu.eg/fulltext/bks/B13-07524.pdf
905 _a48
942 _2ddc
_cBK
_e21
_n0
999 _c43130
_d43130